Insecta mundi (Registro nro. 20188)

Detalles MARC
000 -CABECERA
Campo de control 00897cas a2200241 a 4500
005 - FECHA Y HORA DE LA ULTIMA TRANSACCION
Campo de control 20180516102759.0
008 - ELEMENTOS DE LONGITUD FIJA—INFORMACION GENERAL
Campo de control 080320c20079999fluar psq 0 a0eng c
022 0# - ISSN
ISSN 1942-1362
040 ## - FUENTE DE CATALOGACIÓN
Agencia catalogadora original CO-BoIAVH
Agencia transcriptora CO-BoIAVH
041 0# - IDIOMA
Código de idioma para texto/pista de sonido o título separado Inglés
-- Francés
-- Alemán
-- Italiano
-- Portugués
-- Español
Código de idioma del sumario o resumen/título o subtítulo sobreimpreso eng
044 ## - PAÍS DE PUBLICACIÓN
País de publicación Estados Unidos
245 10 - MENCION DE TITULO
Título Insecta mundi
246 1# - FORMA VARIANTE DEL TITULO
Título propiamente dicho/forma breve del título Insecta mundi collected papers for ...
260 ## - PUBLICACION, DISTRIBUCION, ETC. (PIE DE IMPRENTA)
Lugar de publicación, distribución, etc. Gainesville, FL (EE.UU.) :
Nombre del editor, distribuidor, etc. Center for Systematic Entomology, Inc.,
Fecha de publicación, distribución, etc. 1985-.
300 ## - DESCRIPCION FISICA
Otros detalles físicos ilustraciones y mapas ;
Dimensiones 28 cm.
310 ## - FRECUENCIA ACTUAL DE LA PUBLICACIÓN
Frecuencia actual de la publicación Desconocido
650 26 - ASIENTO SECUNDARIO DE MATERIA - TERMINO TEMATICO
Término temático o nombre geográfico como elemento de entrada Insecta
Subdivisión general Clasificación
Subdivisión de forma Publicaciones periódicas
9 (RLIN) 91165
650 26 - ASIENTO SECUNDARIO DE MATERIA - TERMINO TEMATICO
Término temático o nombre geográfico como elemento de entrada Insecta
Subdivisión general Taxonomía
Subdivisión de forma Publicaciones periódicas
9 (RLIN) 91166
650 26 - ASIENTO SECUNDARIO DE MATERIA - TERMINO TEMATICO
Término temático o nombre geográfico como elemento de entrada Entomología
Subdivisión de forma Publicaciones periódicas
9 (RLIN) 91167
710 2# - ASIENTO SECUNDARIO - NOMBRE CORPORATIVO
Nombre corporativo o de jurisdicción como elemento de entrada Center for Systematic Entomology
9 (RLIN) 91168
776 08 - ADDITIONAL PHYSICAL FORM ENTRY
Display text Print version:
Title Insecta mundi
International Standard Serial Number 0749-6737
Record control number (DLC)sn 84007089
-- (OCoLC)11166350
942 ## - ELEMENTOS ADICIONALES (KOHA)
Sistema de clasificación Local
Tipo de ítem Periodica o revista
Existencias
Withdrawn status Lost status Sistema de Clasificación Damaged status No para préstamo Colección Fecha publicación (Año) Número revista Ubicación Permanente Ubicación actual Fecha de adquisición Datos de publicación Seriada Total Checkouts Número topográfico Inventario / Código de Barras Date last seen Ejemplar Price effective from Forma de adquisición Tipo de material
    Local     Hemeroteca 2010 0129-0130 Bogotá Bogotá 16/05/2018 Artículos 0129 - 0130 (02/07/2010)   SE 043064 16/05/2018 Ej. 1 16/05/2018 Donación Periodica o revista